00426nam a2200145Ia 4500008004100000020001800041082001500059100002900074245005900103250001100162260002400173300001700197500002200214650004400236120622s9999 xx 000 0 und d a970-07-6100-2 a809 M779li aMontes de Oca, Francisco aLa literatura en sus fuentes / Francisco Montes de Oca a15a.ed aMéxico : Porrúa axiii, 613 p. aIncluye índices a1. LITERATURA - HISTORIA Y CRÍTICAÌ